Walt Whitman : (Record no. 2700)

MARC details
000 -LEADER
fixed length control field 01189cam a2200301 a 4500
005 - DATE AND TIME OF LATEST TRANSACTION
control field 20240110114547.0
020 ## - INTERNATIONAL STANDARD BOOK NUMBER
International Standard Book Number 0439357918
040 ## - CATALOGING SOURCE
Original cataloging agency DLC
Transcribing agency DLC
Modifying agency DLC
Language of cataloging eng
050 00 - LIBRARY OF CONGRESS CALL NUMBER
Classification number PS3232
Item number .K47 2004
082 00 - DEWEY DECIMAL CLASSIFICATION NUMBER
Classification number 811/.3
-- B
Edition number 22
100 1# - MAIN ENTRY--PERSONAL NAME
Personal name Kerley, Barbara
245 10 - TITLE STATEMENT
Title Walt Whitman :
Remainder of title words for America /
Statement of responsibility, etc. by Barbara Kerley ; illustrated by Brian Selznick
250 ## - EDITION STATEMENT
Edition statement First Scholastic paperback printing, September 2005
260 ## - PUBLICATION, DISTRIBUTION, ETC.
Place of publication, distribution, etc. New York :
Name of publisher, distributor, etc. Scholastic Press,
Date of publication, distribution, etc. 2004
300 ## - PHYSICAL DESCRIPTION
Extent 42 unnumbered pages :
Other physical details color illustrations ;
Dimensions 31 cm
505 ## - FORMATTED CONTENTS NOTE
Formatted contents note Z
520 ## - SUMMARY, ETC.
Summary, etc. A biography of the American poet whose compassion led him to nurse soldiers during the Civil War, to give voice to the nation's grief at Lincoln's assassination, and to capture the true American spirit in verse.
521 ## - TARGET AUDIENCE NOTE
Target audience note 970
Source Lexile
521 ## - TARGET AUDIENCE NOTE
Target audience note Z
Source Raz-Plus
650 #0 - SUBJECT ADDED ENTRY--TOPICAL TERM
Topical term or geographic name entry element Poets, American
Chronological subdivision 19th century
Form subdivision Biography
-- Juvenile literature.
650 #0 - SUBJECT ADDED ENTRY--TOPICAL TERM
Topical term or geographic name entry element Nurses
Geographic subdivision United States
Form subdivision Biography
-- Juvenile literature.
650 #1 - SUBJECT ADDED ENTRY--TOPICAL TERM
Topical term or geographic name entry element Poets, American.
650 #1 - SUBJECT ADDED ENTRY--TOPICAL TERM
Topical term or geographic name entry element Nurses.
700 1# - ADDED ENTRY--PERSONAL NAME
Personal name Selznick, Brian
Relator term illustrator
906 ## - LOCAL DATA ELEMENT F, LDF (RLIN)
a 7
b cbc
c orignew
d 1
e ecip
f 20
g y-gencatlg
942 ## - ADDED ENTRY ELEMENTS (KOHA)
Source of classification or shelving scheme Dewey Decimal Classification
Koha item type Books
Suppress in OPAC No
999 ## -
-- 2700
-- 2700
Holdings
Withdrawn status Lost status Source of classification or shelving scheme Damaged status Not for loan Collection Home library Current library Shelving location Date acquired Total Checkouts Full call number Barcode Date last seen Price effective from Koha item type
    Dewey Decimal Classification     Non-Fiction Footprints International School Library Network Toul Kork Campus Footprints International School Library Network Toul Kork Campus TTP Secondary Non-Fiction Bookshelves 01/10/2024   KER 811/.3 PS3232 FISSE00894 01/10/2024 01/10/2024 Books